| 000 | 00578nam a2200181 a 4500 | ||
|---|---|---|---|
| 001 | 000017170 | ||
| 005 | 20200929165035.0 | ||
| 008 | 100319s1989 dr c 000 0 spa d | ||
| 040 |
_aDO-SdBNP _bspa _cBNPHU |
||
| 082 |
_axxxx _bC726c |
||
| 100 | 1 |
_aColumna Medina, Romelia _937801 |
|
| 245 | 1 | 0 |
_aComunicación entre padres e hijos / _cRomelia Columna Medina ; prólogo Nidia Marcelo. |
| 260 |
_aSanto Domingo : _bTrevol, _c1989. |
||
| 300 |
_a72 p. : _bretrs. ; _c21 cm. |
||
| 504 | _aIncluye bibliografías (p. 72) | ||
| 700 | 1 |
_aMarcelo, Nidia, _epról. _91256 |
|
| 049 | _aBNPD | ||
| 999 |
_c16696 _d16696 |
||